Random Sequential Municipalities of Liechtenstein on a Map - Statistics

General Stats
  • This quiz has been taken 70 times
  • The average score is 7 of 11
Answers on the Map
Answers color-coded by a green-red scale on the quiz's map according to % correct below.
 
Answer Stats
Answer % Correct
Vaduz
86%
Schaan
71%
Planken
68%
Triesenberg
68%
Gamprin
64%
Schellenberg
61%
Triesen
61%
Balzers
57%
Eschen
57%
Ruggell
57%
Mauren
54%
No matching quizzes found
Score Distribution
Percent of People with Each Score
Percentile by Number Answered
Your Score History
You have not taken this quiz